[Event "GER-chT U20 Girls"]
[Site "Willingen"]
[Date "2021.06.26"]
[Round "6.5"]
[White "Relogio Stauber, Anna"]
[Black "Kroemer, Paulina"]
[Result "0-1"]
[WhiteElo "1229"]
[BlackElo "1539"]
[PlyCount "90"]
[EventDate "2021.06.23"]
[EventType "team-swiss"]
[EventRounds "7"]
[EventCountry "GER"]
[SourceTitle "CBM 203 Extra"]
[Source "ChessBase"]
[SourceDate "2021.09.30"]
[SourceVersion "1"]
[SourceVersionDate "2021.09.30"]
[SourceQuality "1"]
[WhiteTeam "Lichtenberg Borussia"]
[BlackTeam "Erfurt SK"]
[WhiteTeamCountry "GER"]
[BlackTeamCountry "GER"]

1. d4 d5 2. Nf3 e6 3. e3 f5 4. c4 Nf6 5. Bd3 c6 6. Nc3 Bd6 7. 0-0 0-0 8. Qe2 Ne4 9. Nd2 Nd7 10. f3 Ng5 11. e4 Bc7 12. exd5 exd5 13. cxd5 Nf6 14. dxc6 Qxd4+ 15. Kh1 Qh4 16. g3 Bxg3 17. Nc4 Ne6 18. Bd2 bxc6 19. Kg1 Nf4 20. Bxf4 Bxf4 21. Rf2 Re8 22. Qc2 Ba6 23. Ne2 Bc7 24. Rg2 Nd5 25. b3 Re7 26. Bxf5 Bxc4 27. Qxc4 Qxc4 28. bxc4 Ne3 29. Rg5 Nxf5 30. Ng3 Nxg3 31. hxg3 Rae8 32. Kg2 Re2+ 33. Kh3 Rc2 34. Rc5 Re6 35. f4 Bb6 36. Rf5 Rxc4 37. Rd1 Rd4 38. Rb1 Rd5 39. Rxd5 cxd5 40. Rd1 d4 41. Kg4 Re2 42. Ra1 d3 43. Kf3 Re3+ 44. Kf2 d2 45. Kf1 Ba5 0-1

[Event "GER-chT U20 Girls"]
[Site "Willingen"]
[Date "2021.06.26"]
[Round "5.4"]
[White "Wilmink, Anna"]
[Black "Relogio Stauber, Anna"]
[Result "1/2-1/2"]
[WhiteElo "1552"]
[BlackElo "1229"]
[PlyCount "51"]
[EventDate "2021.06.23"]
[EventType "team-swiss"]
[EventRounds "7"]
[EventCountry "GER"]
[SourceTitle "CBM 203 Extra"]
[Source "ChessBase"]
[SourceDate "2021.09.30"]
[SourceVersion "1"]
[SourceVersionDate "2021.09.30"]
[SourceQuality "1"]
[WhiteTeam "Nordhorn Blanke"]
[BlackTeam "Lichtenberg Borussia"]
[WhiteTeamCountry "GER"]
[BlackTeamCountry "GER"]

1. e4 c6 2. Nf3 d5 3. exd5 cxd5 4. Ne5 Nc6 5. f4 Bf5 6. d4 e6 7. c3 Nf6 8. Bb5 Qb6 9. Qa4 Rc8 10. 0-0 Bd6 11. Nd2 0-0 12. Kh1 a6 13. Be2 Qc7 14. g4 Bxe5 15. fxe5 Nxg4 16. Nf3 Ne7 17. h3 Nh6 18. Bxh6 gxh6 19. h4 Ng6 20. Qd1 Be4 21. Rg1 Kh8 22. Bd3 Bxd3 23. Qxd3 f6 24. h5 Nf4 25. Qe3 Nxh5 26. Qxh6 1/2-1/2

[Event "GER-chT U20 Girls"]
[Site "Willingen"]
[Date "2021.06.25"]
[Round "4.7"]
[White "Thiele, Lea Marie"]
[Black "Relogio Stauber, Anna"]
[Result "0-1"]
[WhiteElo "1263"]
[BlackElo "1229"]
[PlyCount "96"]
[EventDate "2021.06.23"]
[EventType "team-swiss"]
[EventRounds "7"]
[EventCountry "GER"]
[SourceTitle "CBM 203 Extra"]
[Source "ChessBase"]
[SourceDate "2021.09.30"]
[SourceVersion "1"]
[SourceVersionDate "2021.09.30"]
[SourceQuality "1"]
[WhiteTeam "Lehrte"]
[BlackTeam "Lichtenberg Borussia"]
[WhiteTeamCountry "GER"]
[BlackTeamCountry "GER"]

1. d4 d5 2. c4 c6 3. Nc3 Bf5 4. e3 e6 5. Nf3 Nf6 6. cxd5 exd5 7. Bd3 Bxd3 8. Qxd3 Bd6 9. Rb1 0-0 10. b4 Nbd7 11. b5 c5 12. Ba3 c4 13. Qf5 Bxa3 14. Nxd5 Nxd5 15. Qxd5 Qc7 16. Nd2 c3 17. Nc4 c2 18. 0-0 cxb1Q 19. Rxb1 Nb6 20. Nxb6 Qxb6 21. h4 Rac8 22. Rb3 Be7 23. g3 Rc1+ 24. Kh2 Rc2 25. Kg1 Rxa2 26. Rb1 Ra5 27. Qe4 Bf6 28. Qd3 a6 29. bxa6 Qxa6 30. Qxa6 bxa6 31. f4 Re8 32. h5 Rxh5 33. Kg2 g6 34. Kf3 a5 35. Kf2 a4 36. g4 Rh3 37. Re1 a3 38. e4 Bxd4+ 39. Kg2 Re3 40. Rb1 a2 41. Rh1 a1Q 42. Rxa1 Bxa1 43. e5 Rc8 44. Kf2 Rb3 45. Ke2 Rc2+ 46. Kd1 Rh2 47. Kc1 Rg3 48. Kb1 Rg1# 0-1

[Event "GER-chT U20 Girls"]
[Site "Braunschweig"]
[Date "2019.12.28"]
[Round "3.3"]
[White "Relogio Stauber, Anna"]
[Black "Peglau, Charis"]
[Result "1/2-1/2"]
[WhiteElo "1396"]
[BlackElo "1728"]
[PlyCount "87"]
[EventDate "2019.12.27"]
[EventType "team-swiss"]
[EventRounds "7"]
[EventCountry "GER"]
[SourceTitle "CBM 194 Extra"]
[Source "ChessBase"]
[SourceDate "2020.03.31"]
[SourceVersion "1"]
[SourceVersionDate "2020.03.31"]
[SourceQuality "1"]
[WhiteTeam "Lichtenberg Borussia"]
[BlackTeam "Seeblick"]
[WhiteTeamCountry "GER"]
[BlackTeamCountry "GER"]

1. d4 d5 2. Nf3 Nf6 3. e3 Bf5 4. c4 e6 5. Bd3 Bg6 6. 0-0 c5 7. Nc3 Nc6 8. b3 Rc8 9. Bb2 Bxd3 10. Qxd3 Be7 11. Rfd1 dxc4 12. bxc4 cxd4 13. exd4 0-0 14. Ne2 Nb4 15. Qb3 Qc7 16. Rac1 Rfd8 17. a3 Nc6 18. Bc3 Rd7 19. Bb4 Na5 20. Bxa5 Qxa5 21. Rd3 Rdc7 22. Ne5 Bd6 23. Re3 Qa6 24. Rec3 Bxe5 25. dxe5 Ne4 26. R3c2 Nc5 27. Qe3 Nd7 28. c5 Qa5 29. Qc3 Qxc3 30. Rxc3 Rxc5 31. Rxc5 Rxc5 32. Rd1 Rd5 33. Rxd5 exd5 34. f4 Kf8 35. Kf2 Nb6 36. Nc3 a6 37. Ke2 Ke7 38. Kd3 Ke6 39. g4 f6 40. exf6 Kxf6 41. Kd4 Ke6 42. Kc5 Nd7+ 43. Kd4 Nb6 44. Kc5 1/2-1/2

[Event "GER-chT U14 Girls"]
[Site "Neumuenster"]
[Date "2017.12.30"]
[Round "7.4"]
[White "Relogio Stauber, Anna"]
[Black "Eisele, Lea Carolin"]
[Result "1-0"]
[WhiteElo "1219"]
[BlackElo "751"]
[PlyCount "107"]
[EventDate "2017.12.26"]
[EventType "team-swiss"]
[EventRounds "7"]
[EventCountry "GER"]
[SourceTitle "CBM 182 Extra"]
[Source "ChessBase"]
[SourceDate "2018.02.23"]
[SourceVersion "1"]
[SourceVersionDate "2018.02.23"]
[SourceQuality "1"]
[WhiteTeam "Friedrichsfelde Borussia"]
[BlackTeam "Sasbach"]
[WhiteTeamCountry "GER"]
[BlackTeamCountry "GER"]

1. d4 d5 2. Nf3 e6 3. e3 c5 4. c3 Nc6 5. Nbd2 Nf6 6. Bd3 Bd6 7. 0-0 e5 8. dxe5 Bxe5 9. Nxe5 Nxe5 10. Nf3 Qe7 11. Nxe5 Qxe5 12. Bb5+ Bd7 13. Qa4 0-0 14. Bxd7 Rfd8 15. Bh3 a6 16. Qc2 d4 17. Qf5 Qxf5 18. Bxf5 Rd5 19. Bh3 Re8 20. cxd4 cxd4 21. exd4 Rxd4 22. Be3 Rb4 23. b3 Nd5 24. Rfe1 Rbe4 25. Rac1 Nxe3 26. Rxe3 Rxe3 27. fxe3 g6 28. Kf2 b5 29. Rc6 a5 30. Rc5 Rb8 31. Bg4 a4 32. Rc8+ Rxc8 33. Bxc8 axb3 34. axb3 Kg7 35. b4 h5 36. h4 Kf6 37. Bd7 Ke7 38. Bxb5 f5 39. Kf3 Kd6 40. Bc4 Kc7 41. Bf7 Kb6 42. Bxg6 Kb5 43. Bxf5 Kxb4 44. Bg6 Kc5 45. Bxh5 Kc4 46. e4 Kd4 47. Kf4 Kd3 48. e5 Kd2 49. e6 Ke1 50. e7 Kf1 51. e8Q Kxg2 52. Qe2+ Kg1 53. Kg3 Kh1 54. Qg2# 1-0

[Event "GER-chT U14 Girls"]
[Site "Neumuenster"]
[Date "2017.12.27"]
[Round "1.4"]
[White "Relogio Stauber, Anna"]
[Black "Popovidou, Laura"]
[Result "1-0"]
[WhiteElo "1219"]
[BlackElo "935"]
[PlyCount "101"]
[EventDate "2017.12.26"]
[EventType "team-swiss"]
[EventRounds "7"]
[EventCountry "GER"]
[SourceTitle "CBM 182 Extra"]
[Source "ChessBase"]
[SourceDate "2018.02.23"]
[SourceVersion "1"]
[SourceVersionDate "2018.02.23"]
[SourceQuality "1"]
[WhiteTeam "Friedrichsfelde Borussia"]
[BlackTeam "Porz SG"]
[WhiteTeamCountry "GER"]
[BlackTeamCountry "GER"]

1. d4 d5 2. Nf3 Nc6 3. c3 Nf6 4. e3 a6 5. Bd3 Bg4 6. 0-0 e6 7. Nbd2 Bd6 8. Qc2 e5 9. e4 Bxf3 10. Nxf3 dxe4 11. Bxe4 exd4 12. Bxc6+ bxc6 13. cxd4 Qd7 14. Re1+ Be7 15. Ne5 Qxd4 16. Qxc6+ Nd7 17. Qxa8+ Nb8 18. Qxb8+ Qd8 19. Qxd8+ Bxd8 20. Nc6+ Kd7 21. Nxd8 Rxd8 22. Rd1+ Kc8 23. Rxd8+ Kxd8 24. Be3 Ke7 25. Rd1 c6 26. b4 Ke6 27. Rc1 Kd5 28. g4 h6 29. h4 g5 30. hxg5 hxg5 31. Kg2 f6 32. Kg3 Ke4 33. Rxc6 Ke5 34. Rxa6 f5 35. gxf5 Kxf5 36. Bxg5 Kxg5 37. Ra5+ Kf6 38. Kf4 Ke6 39. Rh5 Kd6 40. Ke4 Kc6 41. Kd4 Kb6 42. Rc5 Ka6 43. Kd5 Kb6 44. Kd6 Kb7 45. Rc6 Kb8 46. Kd7 Kb7 47. a3 Kb8 48. Rc7 Ka8 49. Kc6 Kb8 50. Kb6 Ka8 51. Rc8# 1-0